|
|
|
|
| LEADER |
00000naa2a2200000 4500 |
| 001 |
198688 |
| 005 |
20240112145449.0 |
| 035 |
|
|
|a (RuTPU)RU\TPU\book\216700
|
| 090 |
|
|
|a 198688
|
| 100 |
|
|
|a 20110706d2009 k y0rusy50 ca
|
| 101 |
0 |
|
|a rus
|
| 102 |
|
|
|a RU
|
| 200 |
1 |
|
|a Коллимация высокоэнергетического тормозного излучения в радиометрических системах контроля
|f А. В. Даренских, С. В. Касьянов
|
| 320 |
|
|
|a Библиогр.: 3 назв.
|
| 463 |
|
0 |
|0 (RuTPU)RU\TPU\book\208726
|t Качество - стратегия XXI века
|o материалы XIV Международной научно-практической конференции
|f Томский политехнический университет (ТПУ) ; Академия проблем качества России (АПК РФ), Томское отделение
|v С. 115-118
|d 2009
|p 223 с.
|
| 610 |
1 |
|
|a излучение
|
| 610 |
1 |
|
|a тормозное излучение
|
| 610 |
1 |
|
|a системы контроля
|
| 610 |
1 |
|
|a радиометрические системы контроля
|
| 610 |
1 |
|
|a коллимация
|
| 610 |
1 |
|
|a труды учёных ТПУ
|
| 700 |
|
1 |
|a Даренских
|b А. В.
|
| 701 |
|
1 |
|a Касьянов
|b В. А.
|c специалист в области неразрушающего контроля
|c заведующий лабораторией Научно-исследовательского института интроскопии Томского политехнического университета, кандидат технических наук
|f 1950-
|g Валерий Алексеевич
|3 (RuTPU)RU\TPU\pers\27097
|9 11456
|
| 801 |
|
1 |
|a RU
|b 63413507
|c 20110706
|
| 801 |
|
2 |
|a RU
|b 63413507
|c 20110706
|g RCR
|
| 942 |
|
|
|c BK
|